00641nam a2200157 a 4500008004100000050001500041100001900056245003800075246006500113260004200178300001600220350000900236995009800245999001700343952012300360120416s1966 ||||||||||||||||| || u aCB 415 Mor aMoraze, Chales14aThe triumph of the middle classes aa political and social history of Europe in the 19th century aGarden city, N.Y.bAnchor Booksc1966 axiii, 577p. a0.00 D0.00FCBU-MAIN LIBRARY (Kitwe)H1I0.00UAVAILABLEWJun 13, 2006ZAnnex Low-Usage Collection  c60451d60451 00102lcc4070a001b001cAnnex Low-Usage Collection d2022-11-30l0oCB 415 Morp001481r2022-11-30w2022-11-30y002